Responses for Show #6758 - Wednesday, January 22, 2014

Contestants

[<< previous game]

Zachary Tomanelli, an online organizer from Brooklyn, New York

Karen Ruckert, a civil rights attorney originally from Topeka, Kansas

Priscilla Emery, a records management consultant from Longwood, Florida (whose 1-day cash winnings total $18,000)

[next game >>]

Jeopardy! Round responses

LITERATURE CATS WOULD LOVE
(Alex: We hope you like the clues.)
TV CARTOONS
ETIQUETTE
CLEAN UP YOUR ACT
POLITICAL DEFINITIONS
ALSO ON THE FOOTBALL TEAM
    $200 6
(Karen: What are Green Eggs & Ham?)

One Fish Two Fish Red Fish Blue Fish

PriscillaKaren
    $200 18
Mr. Burns

Zachary
    $200 1
RSVP

Priscilla
    $200 23
[Karen begins to respond without ringing in.]

the Civil Rights Act

Zachary
    $200 13
coalition

Triple Stumper
    $200 8
end

Zachary
    $400 7
[Zachary did not include the leading article in his response.]

The Mousetrap

Zachary
    $400 19
Patrick

Zachary
    $400 2
a résumé

Priscilla
    $400 24
(Karen: What is act up?)

act out

Karen
Triple Stumper
    $400 14
nationalizing

Karen
    $400 9
Right Guard

Triple Stumper
    $600 28
"The Birds"

Triple Stumper
    $600 20
Kim Possible

Zachary
    $600 3
a sneeze

Karen
    $600 25
Sister

Zachary
    $600 15
vetting

Zachary
    $600 10
coach

Zachary
    $200 29
Yarn

Priscilla
    $800 21
Ren & Stimpy

Zachary
    $800 4
the pallbearers

Zachary
    $800 26
(Alex: [*]--now you got it.)

ACT UP

Karen
    $800 16
the House of Commons

Karen
    $800 11
a receiver

Karen
    $1000 30
Salmon Fishing

Karen
    $1000 22
Rocky

Karen
    $1000 5
(Priscilla: Who is the best man?)

the maid of honor

PriscillaKaren
    $1000 27
an act of contrition

Priscilla
    $1000 17
a dog whistle

Zachary
    $1000 12
punter

Triple Stumper

Scores at the first commercial break (after clue 15):

Priscilla Karen Zachary
-$200 $2,600 $2,600

Scores at the end of the Jeopardy! Round:

Priscilla Karen Zachary
$1,000 $5,800 $6,400

Double Jeopardy! Round responses

RIVERS
GO WITH THE "FLO"
TIME OF THE CAVEMAN
ACTORS IN BIOPICS
SOUTH AMERICAN HISTORY
ART AT THE GETTY CENTER
(Alex: A visit to the world-famous Getty Center.)
    $400 11
the East River

Karen
    $400 16
floatation device

Karen
    $400 26
handy man

Zachary
    $400 3
Val Kilmer

Karen
    $400 17
(Simón) Bolívar

Zachary
    $400 1
van Gogh

Priscilla
    $800 12
(Priscilla: What is the Rhône?)
(Zachary: What is the Thames?)

the Seine

PriscillaKarenZachary
    $800 18
florid

Karen
    $800 4
Lou Diamond Phillips

Karen
    $800 22
Pinochet

Priscilla
    $800 2
commedia dell'arte

Zachary
    $1200 13
the Rio Bravo

Triple Stumper
    $1200 19
the floor routine (or floor exercise)

Karen
    $1200 5
(Zachary: Who is Emily Blunt?)

Natalie Portman

Zachary
Triple Stumper
    $1200 23
Sucre

Triple Stumper
    $1200 8
(Paul) Gauguin

Priscilla
    $1600 14
(Alex: The main river of Spain--[*].)

the Ebro

Triple Stumper
    $1600 20
a florin

Karen
    $1600 28
[The end-of-round signal sounds.]

cows

Karen
    $1600 6
Robert Downey Jr.

Zachary
    $1600 24
Alberto Fujimori

Triple Stumper
    $1600 9
(Priscilla: Who's Monet?)
(Zachary: Who is Seurat?)

(Pierre-Auguste) Renoir

PriscillaKarenZachary
    $2000 15
the Irrawaddy

Triple Stumper
    $2000 21
Flonase

Karen
    $2000 27
(Karen: What is Neanderthal?)

Heidelberg

Karen
Triple Stumper
    $2000 7
Kevin Spacey

Karen
    $2,000 25
(Alex: We have less than a minute to go now.)
(Priscilla: I'll try for $2,000.)

Brazil

Priscilla
    $1,000 10
(Karen: What is Bastille Day?)

the Franco-Prussian War

Karen

Scores at the end of the Double Jeopardy! Round:

Priscilla Karen Zachary
$3,000 $16,400 $6,000
(lock game)

[wagering suggestions for these scores]

Final Jeopardy! Round responses

LITERARY TITLE CHARACTERS
(Alex: He was still the same, but a portrait of him was taking a beating.)
...
(Alex: [To Zachary] No; both of you in love with Dickens, obviously.)
[Zachary smiles.]
...
(Alex: [To Karen] No--The Picture of [*]. Remember the story by Oscar Wilde.)
PriscillaWho is David Copper field?
$2,999
ZacharyWho is Nicholas Nickleby
$1,000
KarenWho was Gulliver?
$4,000
Dorian Gray

Final scores:

Priscilla Karen Zachary
$1 $12,400 $5,000
3rd place: $1,000 New champion: $12,400 2nd place: $2,000

Game dynamics:

Coryat scores:

Priscilla Karen Zachary
$3,600 $17,400 $6,000
9 R
(including 2 DDs),
3 W
20 R,
4 W
(including 1 DD)
16 R,
3 W

Combined Coryat: $27,000

[game clues] [game scores] [suggest correction]

Game tape date: 2013-11-12
The J! Archive is created by fans, for fans. Scraping, republication, monetization, and malicious use prohibited; this site may use cookies and collect identifying information. See terms. The Jeopardy! game show and all elements thereof, including but not limited to copyright and trademark thereto, are the property of Jeopardy Productions, Inc. and are protected under law. This website is not affiliated with, sponsored by, or operated by Jeopardy Productions, Inc. Join the discussion at JBoard.tv.